Differentiated services QoS model for IP networks = Model diefrencovaných služieb v IP sieti

Na minha lista:
Detalhes bibliográficos
Autor principal: Al-Dossary, Abdullah (Author)
Outros Autores: Poľaško, Michal, 1970- (Thesis advisor)
Formato: Manuscrito Livro
Idioma:inglês
Publicado em: Bratislava : STU v Bratislave FEI, 2001
Assuntos:
Tags: Adicionar Tag
Sem tags, seja o primeiro a adicionar uma tag!

MARC

LEADER 00000ntm a22000003a 4500
001 stu58740
005 20160719164828.9
008 010718s2001------------------------eng-d
040 |a STU  |b slo 
041 0 |a eng 
100 1 |a Al-Dossary, Abdullah  |4 aut 
245 1 |a Differentiated services QoS model for IP networks = Model diefrencovaných služieb v IP sieti 
260 |a Bratislava :  |b STU v Bratislave FEI,  |c 2001 
300 |a 51 s 
650 7 |a Telekomunikácie  |2 stusub 
700 1 |a Poľaško, Michal,  |d 1970-  |4 ths  |u E240  |U FEI Fakulta elektrotechniky a informatiky  |T FEI Katedra telekomunikácií  |X 3584  |U E240  |Y 72  |7 A000003584